For Women, Breadwinning Can Be Dangerous: Gender Resource Theory and Wife Abuse (Record no. 519563)
[ view plain ]
| 000 -CABECERA | |
|---|---|
| Campo de control de longitud fija | 00566nab a2200157Ia 4500 |
| 003 - IDENTIFICADOR DEL NÚMERO DE CONTROL | |
| Campo de control | ES-SlBCS |
| 005 - FECHA Y HORA DE LA ÚLTIMA TRANSACCIÓN | |
| Campo de control | 20210601124801.0 |
| 008 - CÓDIGOS DE INFORMACIÓN DE LONGITUD FIJA | |
| Campo de control de longitud fija | 140529s2005 xxu||||| |||| 00| 0 eng d |
| 041 ## - CÓDIGO DE LENGUA | |
| Código de lengua del texto/banda sonora o título independiente | eng |
| 100 1# - PUNTO DE ACCESO PRINCIPAL-NOMBRE DE PERSONA | |
| Nombre de persona | Atkinson, Maxine |
| 9 (RLIN) | 146947 |
| 245 00 - MENCIÓN DE TÍTULO | |
| Título | For Women, Breadwinning Can Be Dangerous: Gender Resource Theory and Wife Abuse |
| Mención de responsabilidad, etc. | Maxine Atkinson, Theodore Greenstein |
| 650 04 - PUNTO DE ACCESO ADICIONAL DE MATERIA-TÉRMINO DE MATERIA | |
| Término de materia o nombre geográfico como elemento inicial | Violencia de Género |
| 9 (RLIN) | 128012 |
| 700 1# - PUNTO DE ACCESO ADICIONAL-NOMBRE DE PERSONA | |
| Nombre de persona | Greenstein, Theodore |
| 9 (RLIN) | 145464 |
| 773 0# - ENLACE AL DOCUMENTO FUENTE | |
| Título | Journal of Marriage and the Family |
| Parte(s) relacionada(s) | vol. 67, nº. 5, 2005, págs. 1137-1148 |
| Número de control del registro relacionado | Rev1406 |
| 942 ## - ENTRADA DE ELEMENTOS AGREGADOS (KOHA) | |
| Koha [por defecto] tipo de item | Artículos de revista |
| Suprimido | Perdido | Estropeado | No para préstamo | Localización permanente | Localización actual | Localización en estantería | Fecha adquisición | Préstamos totales | Fecha última consulta | Fecha del precio de reemplazo | Tipo de item de Koha |
|---|---|---|---|---|---|---|---|---|---|---|---|
| San Esteban | San Esteban | Depósito de revistas | 11/07/2014 | 11/07/2014 | 11/07/2014 | Artículos de revista |
